00876nam a2200241Ia 4500001000600000003000900006008004100015040001300056040001300069041001300082100002000095100002900115245007900144245010000223250001100323260001900334260001500353260004900368300005900417500011200476650001500588650003100603A8263IT-RoPAU130308s9999 xx 000 0 und d aIT-RoPAU cIT-RoPAU aITALIANO aCarideo Armando gCodice Aut. SPICS: 36422 aLezionario del tempo di Pasqua (Il)-Pasqua di Cristo e Pasqua della Chiesa bMessale romano del Vaticano Ii (Il)-1-La celebrazione del mistero di Cristo nell'Anno Liturgico a1a ed. aTORINO/LEUMANN bElle Di Ci c1984 [1° Ed.:1984 - Ed.Ling.Originale:1984] a"17 p. (prefazione: no ; testo: 17 [pagine: 411-427])" aProspetto Riassuntivo del Lezionario del Tempo Pasquale. Analisi Diacronica e Sincronica. sintesi Tematica. aEUCARISTIA eCodice materia Spics: 9153